Understanding poetry / (Record no. 715)

MARC details
000 -LEADER
fixed length control field 00712cam a22002172 4500
001 - CONTROL NUMBER
control field 0000007306
005 - DATE AND TIME OF LATEST TRANSACTION
control field 20151021151113.0
008 - FIXED-LENGTH DATA ELEMENTS--GENERAL INFORMATION
fixed length control field 080107s xx 000 0 eng d
020 ## - INTERNATIONAL STANDARD BOOK NUMBER
International Standard Book Number 9966917063 :
Terms of availability KES 320
040 ## - CATALOGING SOURCE
Original cataloging agency KABU
Transcribing agency KABU
100 1# - MAIN ENTRY--PERSONAL NAME
Personal name Alembi, Ezekiel B.
-- 0000158540
245 10 - TITLE STATEMENT
Title Understanding poetry /
Statement of responsibility, etc. Ezekiel B. Alembi.
260 ## - PUBLICATION, DISTRIBUTION, ETC. (IMPRINT)
Place of publication, distribution, etc. Nairobi :
Name of publisher, distributor, etc. Acacia,
Date of publication, distribution, etc. 1999.
300 ## - PHYSICAL DESCRIPTION
Extent ix, 98 p.
650 #0 - SUBJECT ADDED ENTRY--TOPICAL TERM
Topical term or geographic name as entry element English poetry
General subdivision Study and teaching.
-- 0000158259
908 ## - PUT COMMAND PARAMETER (RLIN)
Put command parameter 080107
950 ## - LOCAL HOLDINGS (RLIN)
-- 1
Holdings
Withdrawn status Lost status Source of classification or shelving scheme Not for loan Home library Current library Date acquired Total Checkouts Full call number Barcode Date last seen Date last checked out Price effective from Koha item type Total Renewals Damaged status
    Library of Congress Classification   Kabarak, Main Campus Kabarak, Main Campus 17/12/2015   PR504.5 .A44 011685 17/12/2015   17/12/2015 General Collection    
    Library of Congress Classification   Kabarak, Main Campus Kabarak, Main Campus 17/12/2015   PR504.5 .A44 011686 17/12/2015   17/12/2015 General Collection    
  Lost Library of Congress Classification   Kabarak, Main Campus Kabarak, Main Campus 17/12/2015 1 PR504.5 .A44 011687 25/01/2016 25/01/2016 17/12/2015 General Collection    
    Library of Congress Classification   Kabarak, Main Campus Kabarak, Main Campus 17/12/2015   PR504.5 .A44 011688 17/12/2015   17/12/2015 General Collection    
    Library of Congress Classification   Kabarak, Main Campus Kabarak, Main Campus 17/12/2015   PR504.5 .A44 011689 17/12/2015   17/12/2015 General Collection    
    Library of Congress Classification   Kabarak, Main Campus Kabarak, Main Campus 17/12/2015   PR504.5 .A44 011684 17/12/2015   17/12/2015 Africana Collection    
    Library of Congress Classification   Kabarak, Main Campus Kabarak, Main Campus 17/12/2015   PR504.5 .A44 017517 17/12/2015   17/12/2015 Africana Collection    
    Library of Congress Classification   Kabarak, Nakuru City Campus Kabarak, Nakuru City Campus 21/10/2015 2 PR504.5 .A44 011238 19/09/2016 10/08/2016 21/10/2015 General Collection    
    Library of Congress Classification   Kabarak, Nakuru City Campus Kabarak, Nakuru City Campus 21/10/2015 1 PR504.5 .A44 011239 01/08/2018 27/07/2018 21/10/2015 General Collection 1  
    Library of Congress Classification   Kabarak, Nakuru City Campus Kabarak, Nakuru City Campus 21/10/2015 2 PR504.5 .A44 011240 04/12/2023 07/01/2019 21/10/2015 General Collection    
Designed with assistance from East African Informatics Ltd